Financial Accounting (Record no. 9126)

MARC details
000 -LEADER
fixed length control field 00395nam a22001697a 4500
003 - CONTROL NUMBER IDENTIFIER
control field OSt
008 - FIXED-LENGTH DATA ELEMENTS--GENERAL INFORMATION
fixed length control field 201117b ||||| |||| 00| 0 eng d
020 ## - INTERNATIONAL STANDARD BOOK NUMBER
International Standard Book Number 9788180548567
100 ## - MAIN ENTRY--PERSONAL NAME
Personal name GUPTA, R. L.
245 ## - TITLE STATEMENT
Title Financial Accounting
250 ## - EDITION STATEMENT
Edition statement 1 ed
260 ## - PUBLICATION, DISTRIBUTION, ETC. (IMPRINT)
Place of publication, distribution, etc New Delhi
Name of publisher, distributor, etc Sultan Chand & Sons
Date of publication, distribution, etc 2018
300 ## - PHYSICAL DESCRIPTION
Extent 3217
650 ## - SUBJECT ADDED ENTRY--TOPICAL TERM
Topical term or geographic name as entry element B.Com. Hons
700 ## - ADDED ENTRY--PERSONAL NAME
Personal name GUPTA, V. K.
942 ## - ADDED ENTRY ELEMENTS (KOHA)
Source of classification or shelving scheme Dewey Decimal Classification
Koha item type Text Books
Holdings
Withdrawn status Lost status Source of classification or shelving scheme Damaged status Not for loan Collection code Home library Current library Date acquired Source of acquisition Currency Cost, normal purchase price Bill Number Total Checkouts Acc. no. / Barcode Date last seen Date last borrowed Actual Cost, discounted price Bill Date Koha item type
    Dewey Decimal Classification     B.Com. Hons PIET NCR College Library PIET NCR College Library 17/11/2020 Kirti Prakashan IN Rupees 395.00 IN254 1 N122 01/03/2021 23/02/2021 316.00 05/08/2020 Reference Books
    Dewey Decimal Classification     B.Com. Hons PIET NCR College Library PIET NCR College Library 17/11/2020 Kirti Prakashan IN Rupees 395.00 IN254 3 N123 13/01/2025 16/12/2024 316.00 05/08/2020 Text Books
    Dewey Decimal Classification     B.Com. Hons PIET NCR College Library PIET NCR College Library 17/11/2020 Kirti Prakashan IN Rupees 395.00 IN254 4 N124 22/10/2021 18/10/2021 316.00 05/08/2020 Text Books
    Dewey Decimal Classification     B.Com. Hons PIET NCR College Library PIET NCR College Library 17/11/2020 Kirti Prakashan IN Rupees 395.00 IN254 4 N125 22/03/2022 09/03/2022 316.00 05/08/2020 Text Books
    Dewey Decimal Classification     B.Com. Hons PIET NCR College Library PIET NCR College Library 17/11/2020 Kirti Prakashan IN Rupees 395.00 IN254 1 N126 16/12/2024 28/11/2024 316.00 05/08/2020 Text Books
    Dewey Decimal Classification     B.Com. Hons PIET NCR College Library PIET NCR College Library 17/11/2020 Kirti Prakashan IN Rupees 395.00 IN254 4 N127 07/01/2025 16/12/2024 316.00 05/08/2020 Text Books

Design & Developed by: PIET Central Library
R70 Miles Stone Pattikalyana Samalkha Panipat 132102
mail ID :- [email protected], Phone No:- 0180-2569700 Ex.216